<?xml version="1.0" encoding="UTF-8"?><?xml-stylesheet type="text/xsl" href="static/style.xsl"?><OAI-PMH xmlns="http://www.openarchives.org/OAI/2.0/" xmlns:xsi="http://www.w3.org/2001/XMLSchema-instance" xsi:schemaLocation="http://www.openarchives.org/OAI/2.0/ http://www.openarchives.org/OAI/2.0/OAI-PMH.xsd"><responseDate>2026-04-13T03:02:29Z</responseDate><request verb="GetRecord" identifier="oai:www.recercat.cat:2117/345682" metadataPrefix="marc">https://recercat.cat/oai/request</request><GetRecord><record><header><identifier>oai:recercat.cat:2117/345682</identifier><datestamp>2025-07-17T15:35:23Z</datestamp><setSpec>com_2072_1033</setSpec><setSpec>col_2072_452951</setSpec></header><metadata><record xmlns="http://www.loc.gov/MARC21/slim" xmlns:dcterms="http://purl.org/dc/terms/" xmlns:xsi="http://www.w3.org/2001/XMLSchema-instance" xmlns:doc="http://www.lyncode.com/xoai" xsi:schemaLocation="http://www.loc.gov/MARC21/slim http://www.loc.gov/standards/marcxml/schema/MARC21slim.xsd">
   <leader>00925njm 22002777a 4500</leader>
   <datafield ind2=" " ind1=" " tag="042">
      <subfield code="a">dc</subfield>
   </datafield>
   <datafield ind2=" " ind1=" " tag="720">
      <subfield code="a">Colomer Sebastià, Anna</subfield>
      <subfield code="e">author</subfield>
   </datafield>
   <datafield ind2=" " ind1=" " tag="260">
      <subfield code="c">2007</subfield>
   </datafield>
   <datafield ind2=" " ind1=" " tag="520">
      <subfield code="a">L’objecte d’aquest estudi patològic, és el de realitzar un anàlisi del funcionament de l’habitatge de Can Teixidor, així com de totes les seves lesions i processos patològics que se’n derivin, per què posteriorment es pugui realitzar el projecte de rehabilitació de l’habitatge. L’edifici de Can Teixidor, es troba situat al terme municipal de Balenyà, comarca d’Osona, concretament a la zona de l’Ajuda; es tracta d’un habitatge rural, que es troba dins d’un entorn de protecció patrimonial, ja que hi ha un ‘Pla especial’ que regula la zona. Les primeres notícies de l’existència de la masia de Can Teixidor, daten de finals del segle XVII, al llarg de la seva vida útil ha anat patint diferents modificacions volumètriques i reformes funcionals adaptant-se a les necessitats de cada època. La reforma més significativa es va iniciar al 1.707 i es van finalitzar al 1.727 i una altra de més recent executada l’any 2.000, on es va reformar el cobert annex a la masia.</subfield>
   </datafield>
   <datafield tag="653" ind2=" " ind1=" ">
      <subfield code="a">Àrees temàtiques de la UPC::Edificació::Rehabilitació d'edificis</subfield>
   </datafield>
   <datafield tag="653" ind2=" " ind1=" ">
      <subfield code="a">Housing rehabilitation</subfield>
   </datafield>
   <datafield tag="653" ind2=" " ind1=" ">
      <subfield code="a">Farmhouses</subfield>
   </datafield>
   <datafield tag="653" ind2=" " ind1=" ">
      <subfield code="a">Habitatges -- Remodelació -- Catalunya -- Balenyà</subfield>
   </datafield>
   <datafield tag="653" ind2=" " ind1=" ">
      <subfield code="a">Habitatges unifamiliars -- Catalunya -- Balenyà</subfield>
   </datafield>
   <datafield tag="653" ind2=" " ind1=" ">
      <subfield code="a">Masos, masies, etc. -- Catalunya -- Balenyà</subfield>
   </datafield>
   <datafield tag="653" ind2=" " ind1=" ">
      <subfield code="a">Cal Teixidor (Balenyà, Catalunya)</subfield>
   </datafield>
   <datafield ind2="0" ind1="0" tag="245">
      <subfield code="a">Desenvolupament de la rehabilitació de l'habitatge unifamiliar aïllat "Can Teixidor" situat a Balenyà</subfield>
   </datafield>
</record></metadata></record></GetRecord></OAI-PMH>